000 00363nam a2200133Ia 4500
008 220530s9999 xx 000 0 und d
020 _a9788173719530
040 _aeng
100 _aMUDLIIAR
_961005
245 _aCLINICAL OBSTETRICE
250 _aFIRST
260 _aHYDRABADE
_bUNIVERSITY PRESS (INDIA) PRIVATE LIMITED,HYDERABAD
_c2004
650 _aMIDWIFERY
_961006
999 _c2384
_d2384